| 000 | 00787nam a22002177a 4500 | ||
|---|---|---|---|
| 999 |
_c5201 _d5201 |
||
| 003 | AR-CdUCM | ||
| 008 | 190312b ||||| |||| 00| 0 spa d | ||
| 040 |
_aMUNICIPALIDAD PROVINCIAL DEL CUSCO _cBIBLIOTECA MUNICIPAL DEL CUSCO |
||
| 082 |
_a796.34 / _bT31 |
||
| 110 |
_aEditorial Mercurio S.A. _915773 |
||
| 245 |
_aTécnicas de tenis y su reglamentación : _bel deporte blanco / |
||
| 260 |
_aLima : _bMercurio, _c1989. |
||
| 300 |
_a141 páginas ; _bfotografías, _c17 cm. |
||
| 440 |
_aDeporte _915774 |
||
| 505 | _aContenido: Reglas del tenis -- El juego individual -- Historia de la Copa Davis -- Competencia de raquetas -- El mundo del tenis .. | ||
| 650 |
_aDeporte _912343 |
||
| 650 |
_aCopa Davis _915775 |
||
| 650 |
_aClud Lawn _915776 |
||
| 942 |
_2ddc _cLIBROS |
||
| 945 | _araen | ||